000 00526cam a2200217ua 4500
001 8220
005 20260515114316.0
008 150110n ii |||gr||||Z||||||hin
020 _a8123720203
040 _cMAIN
041 _ahin
082 _a920
100 _aKripalani, K.,
_eAuthor.
245 1 _aGandhi :
_bLife /
_cBy Krishna Kripalani .
250 _a1st.
260 _aNew Delhi:
_bNational,
_c2004.
300 _a199p.
653 _aBiography, genealogy & insignia
653 _aHindi biography
942 _cBK
999 _c7330
_d7330